书目信息 |
| 000 | 00421nam0 2200181 450 | |
| 001 | 0663992968 | |
| 005 | 20060728174800.40 | |
| 010 | @b精装 | |
| 100 | @a20060728d km y0chiy0120 ea | |
| 101 | 0 | @achi |
| 102 | @aCN@b110000 | |
| 200 | 1 | @a心之新解释@Axin zhi xin jie shi |
| 210 | @a北京@c商务印书馆 | |
| 215 | @a186页@d21cm | |
| 606 | 0 | @a哲学理论 |
| 690 | @aB0@v3 | |
| 801 | 0 | @aCN@bPFT@c20060728 |
| 905 | @a10447@dB0@e181 | |
| 心之新解释.-北京:商务印书馆 |
| 186页;21cm |
| ISBN (精装): |
| ● |
| 相关链接 |
|
|
|
|
正题名:心之新解释
索取号:B0/181
 
预约/预借
| 序号 | 登录号 | 条形码 | 馆藏地/架位号 | 状态 | 备注 |
| 1 | 0440630 | 204406302 | 密集书库/ [索取号:B0/181] | 在馆 |